000 00529nam a22001817a 4500
003 UA-OsUOA
001 16216
007 ta
008 20031223b un ||||| |||| 00| 0 ukr d
100 _aШморгун Є.
942 _cSA
040 _aUA-OsUOA
_cUA-OsUOA
_dUA-OsUOA
245 _aЖив у Рівному книжник: [Спогади про письм. Л. Кравцова]
300 _aС.6
955 _a0
773 0 _w0
_tПанорама
_dРівне
_d2003
_g№42/ 17 жовт./
650 7 _aКравцов Л.
_2UDC
999 _c302381
_d302381